Countries with the 20 Most-Reviewed Places on Google Maps - Statistics

General Stats
  • This quiz has been taken 394 times
  • The average score is 6 of 8
Answer Stats
Country % Correct
United States
100%
France
98%
Italy
93%
Brazil
85%
Mexico
85%
India
81%
United Arab Emirates
40%
Saudi Arabia
37%
No matching quizzes found
Score Distribution
Percent of People with Each Score
Percentile by Number Answered
Your Score History
You have not taken this quiz